000 01313cam a2200373 4500
999 _c23593
_d23593
001 vtls012138745
005 20240710090905.0
008 220609s2022 xo g 010 f slo
020 _a9788055183039
_q(brožované)
040 _aMIZKGZ
_bslo
_cMIZKGZ
_dSNK
_erda
041 1 _aslo
_heng
044 _axo
_cSK
072 7 _a821.111(73)-3
_xAmerická próza
_2konspekt
072 7 _a82-93
_xLiteratúra pre deti a mládež (beletria)
_2konspekt
080 _a821.111(73)-31
_22011
080 _a82-31
_22011
100 1 _aSchumacher, Ashley
_4aut
_93942
240 1 0 _aAmelia Unabridged
_lSlovensky
245 1 0 _aAmeliina dobrodružná cesta
_cAshley Schumacher ; preložila Jana Seichertová
264 1 _aBratislava
_bIkar, a.s. - Yoli
_c2022
300 _a319 strán
_c20 cm
336 _atext
_btxt
_2rdacontent
337 _abez média
_bn
_2rdamedia
338 _azväzok
_bnc
_2rdacarrier
500 _aObsahuje stručné biografické údaje o autorke na záložke prebalu publikácie
655 7 _aamerické romány
_2SNKPH
_92
655 7 _adievčenské romány
_2SNKPH
_92639
655 7 _aliteratúra pre mládež
_2SNKPH
_93623
655 7 _aAmerican fiction
_2SNKPHeng
_93
655 7 _aGirls' novels
_2SNKPHeng
_92640
700 1 _aSeichertová, Jana
_4trl
_93933
958 _aLX
958 _aUP